Modernización agrícola en El Salvador /
Guardado en:
| Autor principal: | |
|---|---|
| Formato: | Texto |
| Lenguaje: | Spanish |
| Materias: | |
| Etiquetas: |
Agregar Etiqueta
Sin Etiquetas, Sea el primero en etiquetar este registro!
|
MARC
| LEADER | 00000 a a2200000 04500 | ||
|---|---|---|---|
| 001 | 43596 | ||
| 003 | cru CRAI/IIS | ||
| 005 | 20210506152956.0 | ||
| 008 | 210506b |||||||| |||| 00| 0 spa d | ||
| 040 | |c cru CRAI/IIS | ||
| 100 | |a Ruíz Granadino, Santiago | ||
| 245 | |a Modernización agrícola en El Salvador / |c Santiago Ruíz Granadino | ||
| 500 | |a Colección Centroamérica | ||
| 650 | |a MODERNIZACION | ||
| 650 | |a DESARROLLO AGRICOLA | ||
| 650 | |a EL SALVADOR | ||
| 773 | |g volumen8, número22 ( , 1979), páginas 71-100 | ||
| 773 | 0 | |0 18875 |9 5392 |a Universidad de Costa Rica. |d San José, Costa Rica: Universidad de Costa Rica. Consejo Superior Universitario Centroamericano, 1972- |o 14349 |t Estudios Sociales Centroamericanos / |x 03039676 | |
| 942 | |2 ddc |c PP | ||
| 999 | |c 31230 |d 31230 | ||
